000
00333nam a22001457a 4500
008
230703b ||||| |||| 00| 0 eng d
020
_a
9781609136918
041
_a
eng
080
_2
4 EDITION
_a
610.73
082
_a
610.73HAR
100
_a
4
101
_a
INF
245
_a
LPN TO RN TRANSITIONS
_c
HARRINGTON.N
942
_2
udc
_c
BK
999
_c
60086
_d
60086